| 000 | 00870nam a22002777a 4500 | ||
|---|---|---|---|
| 001 | BR9407022 | ||
| 003 | BR-BrBNA | ||
| 005 | 20230928094355.0 | ||
| 007 | ta | ||
| 008 | 230509b bl.||||| |||| 00| 0 por d | ||
| 040 |
_aBR-BrBNA _bpor _cBiblioteca Nacional de Agricultura |
||
| 041 | _a(Por) | ||
| 072 |
_aF01; E70 _b0210 |
||
| 090 | _ 0210 BR9407022 | ||
| 110 | 1 |
_aSociedade de Olericultura do Brasil, Curitiba, PR (Brasil) _99873 |
|
| 111 | 1 |
_a3. Encontro Nacional de Producao e Abastecimento de Batata _cContenda, PR (Brazil) _d5-7 Dec 1989 |
|
| 245 | 1 | _a3. Encontro Nacional de Producao e Abastecimento de Batata. Anais | |
| 260 | 3 |
_aCuritiba, PR (Brasil): _c1989. |
|
| 300 | _a63 p. | ||
| 650 | _aBatata | ||
| 650 | _aComercializacao | ||
| 650 | _aIndustria Agricola | ||
| 650 | _aAbastecimento | ||
| 909 |
_a202309 _bLucia _c55 _dLucia Elande |
||
| 942 | _cBK | ||
| 999 |
_c50364 _d50364 |
||